000 00726nam a22002297a 4500
005 20170124110112.0
010 _aA-991581
020 _c00.00
_a8176480568
035 _aA-991581
037 _bCen Lib/Ret
040 _aDPL
_bEN
082 _a921
_bFAR
100 _aFaruqi, Ziaul Hasan
_929306
245 _aDr. Zakir Hussain :
_cby Ziaul Hasan Faruqi
_bquest for truth /
260 _aNew Delhi
_bA. P. H. Publishing Corporation
_c1999
270 _bNew Delhi
_a5, Ansari Road, Darya Ganj
_e110002
300 _av,382p.
_c21cm(Hb)
500 _aIncludes index
650 _aHusain, Zakir, -- 1897-1969
_920551
650 _aPresidents -- India -- Biography
_927959
942 _2ddc
_cEN
_h921
_mFAR
999 _c130477
_d130477